[Event "Moscow Stars Rapid"]
[Site "Moscow"]
[Date "2024.06.28"]
[Round "4"]
[White "Radjabov, Teimour"]
[Black "Lagno, Kateryna"]
[Result "1-0"]
[WhiteElo "2704"]
[BlackElo "2532"]
[PlyCount "175"]
[EventDate "2024.06.27"]
[EventType "tourn (rapid)"]
[EventRounds "9"]
[EventCountry "RUS"]
[EventCategory "16"]
[SourceTitle "CBM 221 Extra"]
[Source "ChessBase"]
[SourceDate "2024.09.30"]
[SourceVersion "1"]
[SourceVersionDate "2024.09.30"]
[SourceQuality "1"]

1. e4 e5 2. Nf3 Nc6 3. Bc4 Nf6 4. d3 Be7 5. Bb3 0-0 6. 0-0 a5 7. c3 d6 8. Nbd2 Be6 9. Ba4 Nd7 10. Re1 Nc5 11. Bc2 d5 12. exd5 Qxd5 13. Nc4 Bf6 14. Bg5 Rad8 15. Bxf6 gxf6 16. Ne3 Qd7 17. d4 exd4 18. Nxd4 Nxd4 19. cxd4 Qxd4 20. Qh5 Nd3 21. Bxd3 Qxd3 22. Qxa5 b6 23. Qh5 Qg6 24. Qb5 Rd2 25. Rac1 Rc8 26. Qb4 Rd7 27. Red1 Rcd8 28. Rxd7 Rxd7 29. h4 h5 30. b3 Kh7 31. Kh2 c5 32. Qxb6 Rd2 33. Kg1 Rxa2 34. Qxc5 Bxb3 35. Qd6 Be6 36. Qf4 Ra5 37. Rd1 Re5 38. Rd4 Qb1+ 39. Kh2 Qg6 40. Rb4 Qh6 41. Qf3 Qg6 42. Rf4 f5 43. g3 Re4 44. Ng2 Bd5 45. Qd1 Re5 46. Ne3 Be4 47. Qe2 Ra5 48. f3 Bb1 49. Rb4 Ra2 50. Rb2 Rxb2 51. Qxb2 f4 52. gxf4 Qd3 53. Qc1 Ba2 54. Kg3 Qg6+ 55. Kf2 Bb1 56. Qc5 Kg7 57. Qe5+ Kh7 58. Qd5 Kg7 59. Qe5+ Kh7 60. Qb5 Bd3 61. Qd7 Bb1 62. Qd4 Qg7 63. Qb4 Bd3 64. Qb3 Qg6 65. Nd5 Bf5 66. Qb2 Be6 67. Nf6+ Kh6 68. Ne4 Qg7 69. Qe5 Qxe5 70. fxe5 Kg6 71. Ng3 f6 72. exf6 Bf7 73. Ke3 Kxf6 74. Kf4 Be8 75. Ne4+ Kg6 76. Ke5 Bd7 77. f4 Bg4 78. Nd6 Kg7 79. f5 Bd1 80. Kf4 Kh6 81. Ne4 Bc2 82. Nc5 Bd1 83. Ne6 Bc2 84. Ke5 Bb1 85. Kf6 Bc2 86. Nd4 Bd3 87. Ke7 Bc4 88. Ne6 1-0

[Event "Dubai op-A 24th"]
[Site "Dubai"]
[Date "2024.05.25"]
[Round "1"]
[White "Sibashvili, Giorgi"]
[Black "Radjabov, Teimour"]
[Result "1/2-1/2"]
[WhiteElo "2423"]
[BlackElo "2723"]
[PlyCount "65"]
[EventDate "2024.05.25"]
[EventType "swiss"]
[EventRounds "9"]
[EventCountry "UAE"]
[SourceTitle "CBM 220 Extra"]
[Source "ChessBase"]
[SourceDate "2024.07.31"]
[SourceVersion "1"]
[SourceVersionDate "2024.07.31"]
[SourceQuality "1"]

1. c4 e6 2. g3 d5 3. Bg2 Nf6 4. Nf3 Be7 5. 0-0 0-0 6. b3 d4 7. e3 c5 8. Ne5 Qc7 9. f4 Nfd7 10. exd4 cxd4 11. Nd3 Nc6 12. Ba3 Re8 13. Bxe7 Nxe7 14. Na3 a6 15. c5 Nd5 16. Rc1 N7f6 17. Nc2 Rd8 18. Qe2 Ne7 19. Qe5 Qa5 20. c6 Nfd5 21. Nxd4 Nxc6 22. Nxc6 bxc6 23. Qb2 Qb6+ 24. Kh1 a5 25. Ne5 Bb7 26. f5 exf5 27. Rf2 f6 28. Rxf5 Qc7 29. Nc4 Rab8 30. a3 Qd7 31. Ne3 Ba8 32. Qc2 Qe7 33. Qd3 1/2-1/2